Movies Quiz

Random Movies or Actor Quiz

Top Grossing R Rated Quiz Stats

 Plays Quiz Updated Jan 2, 2019

Score 0/20 Timer 05:00
0 Plays Today
Year & Main Actor Title % Correct
2016 (Ryan Reynolds)Deadpool
84.4%
2005 (Vince Vaughn & Owen Wilson)Wedding Crashers
83.5%
2000 (Russell Crowe)Gladiator
78.7%
2018 (Ryan Reynolds)Deadpool 2
76.5%
2009 (Bradley Cooper)The Hangover
76.2%
2018 (Lady Gaga)A Star is Born
71.8%
2014 (Channing Tatum & Jonah Hill)22 Jump Street
69%
2007 (Gerard Butler)300
65.6%
2017 (Bill SkarsgÄrd)It
64.9%
2011 (Bradley Cooper)The Hangover Part II
61.2%
Year & Main Actor Title % Correct
1991 (Arnold Schwarzenegger)Terminator 2: Judgment Day
61.1%
2015 (Leonardo DiCaprio)The Revenant
59.6%
2003 (Keanu Reeves)The Matrix Reloaded
57.8%
2004 (Jim Caviezel)Passion of the Christ
57.5%
1984 (Eddie Murphy)Beverly Hills Cop
55.7%
1998 (Tom Hanks)Saving Private Ryan
49.3%
2012 (Mark Wahlberg & Seth MacFarlane)Ted
49%
2014 (Bradley Cooper)American Sniper
44.9%
1973 (Linda Blair)The Exorcist
41.9%
2017 (Hugh Jackman)Logan
38.4%

You're not logged in!

Compare scores with friends on all Sporcle quizzes.
OR
Log In

Sporcle TV

Today on Sporcle TV


Watch our educational content, quiz creation guides, and fun videos on Sporcle TV.

Show Comments

Extras

Top Quizzes Today


Score Distribution

Your Account Isn't Verified!

In order to create a playlist on Sporcle, you need to verify the email address you used during registration. Go to your Sporcle Settings to finish the process.

Report this User

Report this user for behavior that violates our Community Guidelines.

Details: